DANIEL LAMBERT QUIZ - Statistics

General Stats
  • This quiz has been taken 10 times
  • The average score is 6 of 8
Answer Stats
Hint Answer % Correct
Who's fat daniel lambert
100%
Who's ugly daniel lambert
100%
Who's small daniel lambert
100%
Who likes ugly and fat people daniel lambert
100%
Who is not racist daniel lambert
100%
Is this the best quiz ever yes says daniel lambert
33%
Is daniel lambert next to me yes says daniel lambert
33%
Who was born fat and ugly and still lives to be fat, hairy, ugly, midgestish and not nice. Me says daniel lambert
17%
No matching quizzes found
Score Distribution
Percent of People with Each Score
Percentile by Number Answered
Your Score History
You have not taken this quiz